000 00776cab a2200277 4500
001 ABS48670
008 090401t1993 xxu||||| |||| 00| 0 eng d
035 _a(Sirsi) u67935
041 _aeng
100 _aHodgson, J.
245 _aInjunctions
260 _c1993
350 _a0
490 _aStructural Survey
_v11(4) Spring 1993, 409-415(7)
520 _aExplains the use and the various forms of injunctions. References to case law throughout. References.
650 _aDAMAGES
650 _aINJUNCTIONS
650 _aINTERLOCUTORY INJUNCTIONS
650 _aCHANCERY AMENDMENT ACT 1968
650 _aMANDATORY INJUNCTIONS
650 _aPERPETUAL INJUNCTIONS
650 _aSUPREME COURT ACT 1981
690 _aLAW
942 _n0
948 _c04/03/1997
999 _c42575
_d42575